[Event "Irish International Open 2019"]
[Site "Dublin IRL"]
[Date "2019.04.20"]
[Round "5.45"]
[White "Honner, Mervyn"]
[Black "Robinson, Nette"]
[Result "1-0"]
[WhiteElo "1441"]
[BlackElo "1343"]
[WhiteICU "1226"]
[WhiteClub "Bray"]
[WhiteNationality "IRL"]
[BlackNationality "ENG"]
[WhiteFideId "2504847"]
[BlackFideId "441996"]
[PlyCount "95"]
[EventDate "2019.04.17"]
[HashCode "60b35d8f"]

{ Event information: <a
href="http://www.irlchess.com/irishopen2019_allfiles/pairings_irishopen2019.html">Tournament
report</a>. }

1. e4 e5 2. Nf3 Nc6 3. Bc4 Nf6 4. Ng5 d5 5. exd5 Nxd5 6. Nxf7 Kxf7 7. Qf3+
Ke8 8. Bxd5 Qf6 9. Bxc6+ bxc6 10. Qe4 Ba6 11. d4 Kd7 12. dxe5 Qf7 13. Nc3
Bc5 14. Bf4 Rae8 15. O-O-O+ Kc8 16. Qxc6 Bb7 17. Qxc5 Qxf4+ 18. Rd2 Rd8 19.
Qe3 Qxe3 20. fxe3 Rde8 21. e4 Rxe5 22. Re1 Rf8 23. b4 h5 24. a4 a6 25. g3
g5 26. Rd4 g4 27. Red1 Rfe8 28. Nd5 Bxd5 29. exd5 Re4 30. c4 Re2 31. d6
R8e3 32. d7+ Kd8 33. R1d2 Rc3+ 34. Kb2 Rce3 35. a5 Re1 36. Rf4 Rf3 37. b5
Ree3 38. bxa6 Rb3+ 39. Kc2 Ra3 40. a7 Rxa5 41. Kb2 Rxa7 42. Re4 Rb7+ 43.
Kc2 Rf8 44. c5 c6 45. Red4 Rf1 46. Ra4 Rb8 47. Ra3 Rb5 48. Ra8+ 1-0

[Event "Irish International Open 2019"]
[Site "Dublin IRL"]
[Date "2019.04.20"]
[Round "5.46"]
[White "Doyle, Peter"]
[Black "Wang, Eric"]
[Result "0-1"]
[WhiteElo "1420"]
[BlackElo "1268"]
[WhiteICU "1219"]
[BlackICU "1115"]
[WhiteClub "Cork"]
[BlackClub "St. Benildus"]
[WhiteNationality "IRL"]
[BlackNationality "IRL"]
[WhiteFideId "2510219"]
[BlackFideId "2511320"]
[PlyCount "65"]
[EventDate "2019.04.17"]
[HashCode "419c4c90"]

{ Event information: <a
href="http://www.irlchess.com/irishopen2019_allfiles/pairings_irishopen2019.html">Tournament
report</a>. }

1. c4 e5 2. g3 Nf6 3. Bg2 Bc5 4. Nc3 Nc6 5. d3 d6 6. Nf3 Bg4 7. O-O Qd7 8.
Re1 Bh3 9. Bh1 Qf5 10. e3 O-O 11. Nh4 Qd7 12. a3 Bb6 13. b4 Rab8 14. Ra2
Ne7 15. d4 exd4 16. exd4 a6 17. c5 Ba7 18. Bg5 Ng6 19. Nxg6 fxg6 20. Nd5
Be6 21. Bxf6 gxf6 22. Rae2 Bg4 23. f3 Bh3 24. Re7 Qf5 25. Qb3 Kh8 26. Rxc7
dxc5 27. dxc5 a5 28. Ree7 g5 29. Rxb7 Rxb7 30. Rxb7 a4 31. Qd1 Rd8 32. f4
gxf4 33. Rxa7 0-1

[Event "Irish International Open 2019"]
[Site "Dublin IRL"]
[Date "2019.04.20"]
[Round "6.3"]
[White "Strikovic, Aleksa"]
[Black "Mannion, Stephen R."]
[Result "1-0"]
[WhiteTitle "GM"]
[BlackTitle "IM"]
[WhiteElo "2493"]
[BlackElo "2285"]
[WhiteNationality "SRB"]
[BlackNationality "SCO"]
[WhiteFideId "900150"]
[BlackFideId "2400111"]
[PlyCount "69"]
[EventDate "2019.04.17"]
[WhiteFullName "Strikovi&#263;, Aleksa"]
[ICUid "50205"]
[HashCode "425a04ab"]

{ Event information: <a
href="http://www.irlchess.com/irishopen2019_allfiles/pairings_irishopen2019.html">Tournament
report</a>. }

1. c4 e5 2. Nc3 Bb4 3. Qc2 Nf6 4. Nf3 Qe7 5. a3 Bxc3 6. Qxc3 Nc6 7. e3 O-O
8. b4 e4 9. Nd4 Nxd4 10. Qxd4 d6 11. Bb2 c5 12. Qc3 Rd8 13. Be2 b6 14. O-O
Bb7 15. f3 d5 16. cxd5 cxb4 17. axb4 Bxd5 18. b5 Bb7 19. Ra4 Rac8 20. Rc4
Rxc4 21. Bxc4 Rc8 22. Qb3 exf3 23. gxf3 Nh5 24. Rf2 Rc5 25. Bd4 Rf5 26. Be2
Qh4 27. Qc4 Rg5+ 28. Kf1 Ng3+ 29. Ke1 Nh1 30. e4 Rg2 31. Qc7 h6 32. Bc4
Nxf2 33. Qxf7+ Kh7 34. Qg8+ Kg6 35. Qxg7+ 1-0

[Event "Irish International Open 2019"]
[Site "Dublin IRL"]
[Date "2019.04.20"]
[Round "6.6"]
[White "Longson, Alexander"]
[Black "Horvath, Gabor"]
[Result "1-0"]
[WhiteTitle "FM"]
[BlackTitle "CM"]
[WhiteElo "2318"]
[BlackElo "2252"]
[BlackICU "2087"]
[BlackClub "Galway"]
[WhiteNationality "ENG"]
[BlackNationality "HUN"]
[WhiteFideId "408093"]
[BlackFideId "720003"]
[PlyCount "119"]
[EventDate "2019.04.17"]
[BlackFullName "Horv&aacute;th, G&aacute;bor"]
[ICUid "50208"]
[HashCode "784fc9d7"]

{ Event information: <a
href="http://www.irlchess.com/irishopen2019_allfiles/pairings_irishopen2019.html">Tournament
report</a>. }

1. e4 e6 2. d4 d5 3. Nd2 Nf6 4. Bd3 c5 5. c3 Nc6 6. Ngf3 cxd4 7. cxd4 dxe4
8. Nxe4 Bb4+ 9. Nc3 O-O 10. O-O Be7 11. Re1 b6 12. a3 Bb7 13. Bc2 Rc8 14.
Qd3 Re8 15. d5 exd5 16. Bg5 Ne4 17. Nxe4 dxe4 18. Qxe4 g6 19. Qh4 Bxg5 20.
Nxg5 h5 21. Bxg6 fxg6 22. Qc4+ Kg7 23. Qf7+ Kh6 24. h4 Rxe1+ 25. Rxe1 Qc7
26. Qf6 Rg8 27. Nf7+ Kh7 28. Ng5+ Kh6 29. Nf7+ Kh7 30. Re6 Qd7 31. Ng5+ Kh6
32. Nf7+ Kh7 33. Ne5 Qg7 34. Nxc6 Qxf6 35. Rxf6 Bxc6 36. Rxc6 Rg7 37. Kf1
Re7 38. f3 Kg7 39. Kf2 Kf7 40. b4 Rd7 41. Kg3 Kg7 42. Kf4 Rd4+ 43. Kg5 Rd5+
44. Kf4 Rd4+ 45. Ke3 Rd7 46. Ke4 Re7+ 47. Kd5 Kh6 48. Re6 Rc7 49. Rc6 Re7
50. g4 hxg4 51. fxg4 Kg7 52. g5 Kf7 53. Rf6+ Kg7 54. Rc6 Kf7 55. b5 Rd7+
56. Rd6 Rc7 57. Rf6+ Kg7 58. Rc6 Re7 59. a4 Rf7 60. Ke6 1-0

[Event "Irish International Open 2019"]
[Site "Dublin IRL"]
[Date "2019.04.20"]
[Round "6.8"]
[White "Moran, Stephen"]
[Black "Hovhannisyan, Mher"]
[Result "0-1"]
[BlackTitle "GM"]
[WhiteElo "2165"]
[BlackElo "2462"]
[WhiteICU "2134"]
[WhiteClub "T.C.D."]
[WhiteNationality "IRL"]
[BlackNationality "BEL"]
[WhiteFideId "2501872"]
[BlackFideId "13300865"]
[PlyCount "110"]
[EventDate "2019.04.17"]
[ICUid "50210"]
[HashCode "67e347b4"]

{ Event information: <a
href="http://www.irlchess.com/irishopen2019_allfiles/pairings_irishopen2019.html">Tournament
report</a>. }

1. d4 d5 2. c4 c6 3. Nf3 Nf6 4. Nc3 a6 5. c5 g6 6. h3 Bg7 7. Bf4 Nbd7 8. e3
b6 9. cxb6 Qxb6 10. Qd2 c5 11. Bd3 cxd4 12. exd4 Bb7 13. O-O Ne4 14. Qe2
Ndf6 15. Be5 O-O 16. Rfc1 Rfc8 17. Na4 Qa5 18. Qd1 Bc6 19. Nc5 Bh6 20. Rc2
Nxc5 21. Rxc5 Qb6 22. Bxf6 exf6 23. Qb3 Qd8 24. Re1 Bf8 25. Rcc1 Rab8 26.
Qc2 Bh6 27. Rb1 Qa5 28. a3 Ba4 29. Qe2 Re8 30. Qf1 Rxe1 31. Qxe1 Qb6 32. b4
Rc8 33. Qe2 Bb5 34. Bxb5 axb5 35. Qa2 Qc6 36. a4 bxa4 37. b5 Qc2 38. Qxc2
Rxc2 39. b6 Bf4 40. g3 Bb8 41. Rb5 a3 42. Kg2 a2 43. Ra5 Kg7 44. b7 Rb2 45.
Ra8 Bd6 46. h4 h5 47. Nh2 g5 48. Nf1 gxh4 49. Ne3 Bxg3 50. Nf5+ Kh7 51.
Nxg3 hxg3 52. Rxa2 Rxb7 53. Kxg3 Rb3+ 54. Kf4 Rd3 55. Kf5 $2 Rf3# 0-1

[Event "Irish International Open 2019"]
[Site "Dublin IRL"]
[Date "2019.04.20"]
[Round "6.13"]
[White "Flynn, Jacob"]
[Black "Epishin, Vladimir"]
[Result "0-1"]
[BlackTitle "GM"]
[WhiteElo "2011"]
[BlackElo "2568"]
[WhiteICU "2000"]
[WhiteClub "Malahide"]
[WhiteNationality "IRL"]
[BlackNationality "RUS"]
[WhiteFideId "2509393"]
[BlackFideId "4162714"]
[PlyCount "164"]
[EventDate "2019.04.17"]
[ICUid "50215"]
[HashCode "9e453281"]

{ Event information: <a
href="http://www.irlchess.com/irishopen2019_allfiles/pairings_irishopen2019.html">Tournament
report</a>. }

1. c4 e6 2. Nf3 Nf6 3. g3 b6 4. Bg2 Bb7 5. O-O Be7 6. b3 O-O 7. Bb2 d5 8.
Ne5 Nfd7 9. Nxd7 Qxd7 10. e3 Re8 11. Qg4 Bf8 12. cxd5 exd5 13. Qxd7 Nxd7
14. Nc3 c6 15. d4 g6 16. Rac1 Rad8 17. Rfd1 f5 18. Ne2 Bd6 19. Nf4 Bxf4 20.
gxf4 Kf7 21. Bf3 Re6 22. Ba3 Nf6 23. h3 Ba6 24. Rc3 Ke8 25. Kh2 Kd7 26. Rg1
Bb5 27. Rgc1 a5 28. Bb2 a4 29. b4 Rg8 30. h4 h6 31. Rg1 Re7 32. Rg3 Rh7 33.
Kg2 Rhg7 34. Rc1 Bd3 35. Kh2 Kc7 36. Rcg1 Kb7 37. Bd1 b5 38. a3 Kc7 39. Bf3
Kd6 40. Bc1 Ke6 41. Bd2 Nh7 42. Rh3 Kf7 43. Rhg3 Nf8 44. Rc1 Bc4 45. Rcg1
Ne6 46. Bd1 g5 47. Bc2 gxf4 48. Rxg7+ Nxg7 49. Bd1 Re8 50. Bf3 Bd3 51. exf4
Be2 52. Bg2 Nh5 53. Re1 Nf6 54. f3 Nd7 55. Kg1 Nb6 56. Kf2 Bd3 57. Rxe8
Kxe8 58. Bc1 Nc4 59. Kg3 Kf7 60. Bh3 Kg6 61. Bg2 Kh5 62. Kh3 Nb6 63. Be3
Nc8 64. Bf2 Ne7 65. Bg3 Ng6 66. Kh2 Nxh4 67. Bxh4 Kxh4 68. Bh1 Bf1 69. Bg2
Bxg2 70. Kxg2 Kh5 71. Kh3 Kg6 72. Kh4 Kf6 73. Kh5 Kg7 74. Kh4 Kg6 75. Kg3
Kf6 76. Kh4 Ke6 77. Kh5 c5 78. dxc5 d4 79. c6 d3 80. Kg6 d2 81. c7 Kd7 82.
c8=N Kxc8 0-1

[Event "Irish International Open 2019"]
[Site "Dublin IRL"]
[Date "2019.04.20"]
[Round "6.17"]
[White "Duffy, Seamus"]
[Black "Melaugh, Gavin"]
[Result "1-0"]
[WhiteElo "1921"]
[BlackElo "2109"]
[WhiteICU "1845"]
[BlackICU "2058"]
[WhiteClub "Dun Laoghaire"]
[BlackClub "T.C.D."]
[WhiteNationality "IRL"]
[BlackNationality "IRL"]
[WhiteFideId "2501708"]
[BlackFideId "2509571"]
[PlyCount "135"]
[EventDate "2019.04.17"]
[WhiteFullName "Duffy, S&eacute;amus"]
[ICUid "50219"]
[HashCode "7ca4f31f"]

{ Event information: <a
href="http://www.irlchess.com/irishopen2019_allfiles/pairings_irishopen2019.html">Tournament
report</a>. }

1. b3 e5 2. Bb2 Nc6 3. e3 Nf6 4. Bb5 Bd6 5. Ne2 O-O 6. Ng3 Ne7 7. O-O c6 8.
Be2 Bb8 9. d4 e4 10. c4 d5 11. Nc3 Ne8 12. f3 Bxg3 13. hxg3 Nf5 14. fxe4
Nxe3 15. Qd3 Nxf1 16. Rxf1 Nc7 17. cxd5 cxd5 18. e5 Qe7 19. Rf4 f6 20. Rh4
g6 21. Bf3 Be6 22. Rh6 Qg7 23. Bc1 Rac8 24. Rh4 Qd7 25. exf6 Nb5 26. Ne2
Rxf6 27. Bf4 Nd6 28. Be5 Rff8 29. Nf4 Nf5 30. Rg4 Rf7 31. Nxg6 hxg6 32.
Rxg6+ Ng7 33. Qe3 Rc6 34. Qh6 Bf5 35. Bxg7 Rxg7 36. Bxd5+ Be6 37. Bxe6+
Rxe6 38. Rxg7+ Qxg7 39. Qxe6+ Kh7 40. Qe4+ Kg8 41. Kf2 a6 42. Kf3 Qf6+ 43.
Qf4 Qc6+ 44. Qe4 Qf6+ 45. Ke3 Qg5+ 46. Qf4 Qe7+ 47. Qe5 Qb4 48. Ke4 Qe1+
49. Kf5 Qf2+ 50. Kg5 Qxg2 51. d5 Qd2+ 52. Kg6 Qd3+ 53. Kf6 Qf3+ 54. Qf5
Qc3+ 55. Qe5 Qf3+ 56. Ke6 Qf7+ 57. Kd6 Qf8+ 58. Kd7 Qf7+ 59. Kd8 Qf2 60.
Qe6+ Kg7 61. Qe7+ Kg6 62. Qe8+ Kg7 63. Qd7+ Kg8 64. d6 Qxa2 65. Qe6+ Kg7
66. d7 Qa5+ 67. Kc8 Qc5+ 68. Kb8 1-0

[Event "Irish International Open 2019"]
[Site "Dublin IRL"]
[Date "2019.04.20"]
[Round "6.19"]
[White "Reprun, Nadejda"]
[Black "O'Mahoney, Keegan"]
[Result "1-0"]
[WhiteElo "1995"]
[BlackElo "1875"]
[BlackICU "1857"]
[BlackClub "Cork"]
[WhiteNationality "ISR"]
[BlackNationality "IRL"]
[WhiteFideId "2806843"]
[BlackFideId "2506190"]
[PlyCount "71"]
[EventDate "2019.04.17"]
[ICUid "50221"]
[HashCode "46be6167"]

{ Event information: <a
href="http://www.irlchess.com/irishopen2019_allfiles/pairings_irishopen2019.html">Tournament
report</a>. }

1. e4 d6 2. d4 Nf6 3. Nc3 Nbd7 4. Nf3 e5 5. Bc4 Be7 6. O-O c6 7. a4 Qc7 8.
Ba2 a5 9. h3 h6 10. Be3 g5 11. dxe5 dxe5 12. Qe2 Nf8 13. Rad1 Ng6 14. Bb3
g4 15. hxg4 Bxg4 16. Qc4 Rh7 17. Nd5 Nxd5 18. exd5 Bxf3 19. gxf3 Nf4 20.
Bxf4 exf4 21. Kh2 Qe5 22. Rg1 Qh5+ 23. Kg2 Rg7+ 24. Kf1 Qxf3 25. Rd3 Rxg1+
26. Kxg1 Qg4+ 27. Kf1 Qh4 28. dxc6 Qh1+ 29. Ke2 Qh5+ 30. Kd2 f3 31. c3 Bg5+
32. Kc2 Qg6 33. cxb7 Rb8 34. Qc8+ Bd8 35. Qxb8 Qb6 36. Qxd8+ 1-0

[Event "Irish International Open 2019"]
[Site "Dublin IRL"]
[Date "2019.04.20"]
[Round "6.20"]
[White "Fox, Anthony"]
[Black "Murphy, Sean"]
[Result "1-0"]
[WhiteElo "2031"]
[BlackElo "1853"]
[WhiteICU "2012"]
[BlackICU "1713"]
[WhiteClub "Dun Laoghaire"]
[BlackClub "Elm Mount"]
[WhiteNationality "IRL"]
[BlackNationality "IRL"]
[WhiteFideId "2500736"]
[BlackFideId "2503778"]
[PlyCount "83"]
[EventDate "2019.04.17"]
[BlackFullName "Murphy, Se&aacute;n"]
[ICUid "50222"]
[HashCode "4ebb48c2"]

{ Event information: <a
href="http://www.irlchess.com/irishopen2019_allfiles/pairings_irishopen2019.html">Tournament
report</a>. }

1. e4 c5 2. Nc3 d6 3. g3 g6 4. Bg2 Bg7 5. d3 Nc6 6. Be3 Nf6 7. h3 a6 8.
Nge2 Qc7 9. O-O Bd7 10. Qd2 h6 11. a3 e6 12. Rab1 Rb8 13. b4 cxb4 14. axb4
b5 15. d4 g5 16. f4 g4 17. e5 gxh3 18. Bxh3 Nd5 19. Ne4 dxe5 20. fxe5 Bf8
21. c3 Bc8 22. Nf4 Be7 23. Bg2 h5 24. Qf2 Nxe3 25. Qxe3 Bb7 26. Nd3 Nd8 27.
Ndc5 Bxe4 28. Nxe4 Rc8 29. Ra1 h4 30. g4 Qb6 31. Rf2 Nc6 32. Qf3 Rf8 33. g5
Kd7 34. Qf4 Kc7 35. Rfa2 Nb8 36. Kh2 Kd7 37. Bh3 Qd8 38. Rd1 Rg8 39. Rg2
Rc4 40. Qxf7 Qf8 41. Bxe6+ Kc7 42. Bxc4 1-0

[Event "Irish International Open 2019"]
[Site "Dublin IRL"]
[Date "2019.04.20"]
[Round "6.21"]
[White "Murphy, Sean J."]
[Black "Lundback, Anders"]
[Result "0-1"]
[WhiteElo "1976"]
[BlackElo "1806"]
[WhiteICU "1908"]
[WhiteClub "Cork"]
[WhiteNationality "IRL"]
[BlackNationality "SWE"]
[WhiteFideId "2512742"]
[BlackFideId "1713876"]
[PlyCount "88"]
[EventDate "2019.04.17"]
[WhiteFullName "Murphy, Se&aacute;n J."]
[ICUid "50223"]
[HashCode "593bf488"]

{ Event information: <a
href="http://www.irlchess.com/irishopen2019_allfiles/pairings_irishopen2019.html">Tournament
report</a>. }

1. d4 Nf6 2. Nc3 d5 3. Bf4 Bf5 4. f3 e6 5. g4 Bg6 6. h4 h6 7. e3 Bd6 8. Nh3
a6 9. Bd3 Bxd3 10. Qxd3 Nc6 11. a3 Qe7 12. Bxd6 Qxd6 13. O-O-O O-O-O 14.
Nf4 g5 15. Nfe2 Kb8 16. Rh3 Rhg8 17. hxg5 hxg5 18. Rdh1 Ne7 19. Na4 Ka7 20.
Nc5 Ng6 21. Ng3 Rh8 22. Rxh8 Rxh8 23. Rxh8 Nxh8 24. Nh5 Qe7 25. b4 Nd7 26.
Nb3 Nb6 27. Na5 Ng6 28. c4 dxc4 29. Nxc4 Nxc4 30. Qxc4 b6 31. Kd2 Qd6 32.
Nf6 Kb7 33. Ne4 Qh2+ 34. Qe2 Qh4 35. a4 f5 36. Nf2 Qg3 37. Nd3 Qd6 38. Qd1
Ne7 39. Qb3 Nd5 40. b5 a5 41. Ne5 fxg4 42. fxg4 Qf8 43. Ke2 Qh8 44. Qd1 $4
(44. Qd3 $17) 44... Nc3+ 0-1

[Event "Irish International Open 2019"]
[Site "Dublin IRL"]
[Date "2019.04.20"]
[Round "6.22"]
[White "Schmitz, Manuela"]
[Black "Halvorsen, Benjamin"]
[Result "1/2-1/2"]
[WhiteTitle "WFM"]
[WhiteElo "1968"]
[BlackElo "1767"]
[WhiteNationality "GER"]
[BlackNationality "NOR"]
[WhiteFideId "4626001"]
[BlackFideId "1516604"]
[PlyCount "122"]
[EventDate "2019.04.17"]
[ICUid "50224"]
[HashCode "7933786e"]

{ Event information: <a
href="http://www.irlchess.com/irishopen2019_allfiles/pairings_irishopen2019.html">Tournament
report</a>. }

1. d4 f5 2. Qd3 d5 3. Nf3 Nf6 4. Bf4 e6 5. Nbd2 Be7 6. h3 b6 7. Ne5 c5 8.
c3 O-O 9. g4 Ne4 10. e3 Ba6 11. Qc2 Bxf1 12. Rxf1 Bh4 13. Nxe4 fxe4 14.
O-O-O Nd7 15. Nxd7 Qxd7 16. Qe2 Qa4 17. Kb1 Be7 18. f3 exf3 19. Rxf3 c4 20.
Rdf1 b5 21. Qc2 Qxc2+ 22. Kxc2 a5 23. Bg3 Rxf3 24. Rxf3 Ra7 25. Be1 b4 26.
e4 Rb7 27. exd5 exd5 28. Rf5 Rb5 29. b3 cxb3+ 30. axb3 bxc3 31. Bxc3 g6 32.
Re5 Kf7 33. Re1 Bb4 34. Re5 h6 35. h4 Be7 36. h5 Bg5 37. hxg6+ Kxg6 38.
Re6+ Kg7 39. Ra6 Bd8 40. Rc6 Rb6 41. Rc5 Rd6 42. Bxa5 Bf6 43. Kd3 Kg6 44.
Bd2 Bg5 45. Be3 Bxe3 46. Kxe3 Kg5 47. Kf3 Kh4 48. b4 Rf6+ 49. Kg2 Rd6 50.
b5 Kxg4 51. Rc6 Rd8 52. Rxh6 Rb8 53. b6 Kf4 54. Re6 Kf5 55. Re5+ Kf4 56.
Rxd5 Rxb6 57. Rd8 Rb2+ 58. Kh3 Rb3+ 59. Kg2 Rd3 60. Kf2 Ke4 61. Ke2 Rxd4
1/2-1/2

[Event "Irish International Open 2019"]
[Site "Dublin IRL"]
[Date "2019.04.20"]
[Round "6.23"]
[White "Cafolla, Peter"]
[Black "Putar, Leon"]
[Result "0-1"]
[WhiteElo "1949"]
[BlackElo "1549"]
[WhiteICU "1931"]
[BlackICU "1651"]
[WhiteClub "Rathmines"]
[WhiteNationality "IRL"]
[BlackNationality "CRO"]
[WhiteFideId "2500884"]
[BlackFideId "14546612"]
[PlyCount "74"]
[EventDate "2019.04.17"]
[ICUid "50225"]
[HashCode "46b82c24"]

{ Event information: <a
href="http://www.irlchess.com/irishopen2019_allfiles/pairings_irishopen2019.html">Tournament
report</a>. }

1. d4 Nf6 2. c4 g6 3. Nc3 d5 4. Bg5 c6 5. Bxf6 exf6 6. cxd5 cxd5 7. e3 Bg7
8. Qb3 Be6 9. Qxb7 Nd7 10. Bb5 O-O 11. Bxd7 Rb8 12. Qc6 Bxd7 13. Qxd5 Rxb2
14. Nge2 Qe7 15. O-O Be6 16. Qa5 Bc4 17. Rfe1 Rc8 18. Rac1 Bh6 19. Ng3 f5
20. Rcd1 Qd6 21. Qxa7 f4 22. Nge4 Qb4 23. a3 Qb3 24. Qa4 Qb8 25. Nc5 fxe3
26. fxe3 Bb3 27. Nxb3 Rxc3 28. Nc5 Rxe3 29. Qc6 Bf4 30. Rxe3 Bxe3+ 31. Kh1
Bxd4 32. Qd5 $2 (32. Nd3 $15) 32... Rd2 33. Rf1 Qf4 34. Rb1 Be5 35. Qa8+
Kg7 36. g3 Rxh2+ $1 37. Kxh2 Qxg3+ 0-1

[Event "Irish International Open 2019"]
[Site "Dublin IRL"]
[Date "2019.04.20"]
[Round "6.24"]
[White "Plaza Reino, Mercedes"]
[Black "Phelan, Leo"]
[Result "0-1"]
[WhiteElo "1927"]
[BlackElo "1708"]
[WhiteICU "1893"]
[BlackICU "1670"]
[WhiteClub "Enniscorthy"]
[BlackClub "Gonzaga"]
[WhiteNationality "IRL"]
[BlackNationality "IRL"]
[WhiteFideId "24511951"]
[BlackFideId "2511428"]
[PlyCount "70"]
[EventDate "2019.04.17"]
[ICUid "50226"]
[HashCode "4d5a319e"]

{ Event information: <a
href="http://www.irlchess.com/irishopen2019_allfiles/pairings_irishopen2019.html">Tournament
report</a>. }

1. d4 Nf6 2. c4 g6 3. Nc3 Bg7 4. e4 d6 5. Be2 O-O 6. g4 c5 7. d5 e6 8. h4
exd5 9. cxd5 Re8 10. f3 a6 11. h5 b5 12. hxg6 fxg6 13. Bh6 b4 14. Bxg7 Kxg7
15. Nb1 Nbd7 16. Qc1 Kg8 17. Qh6 a5 18. Nh3 Nf8 19. Nf4 Qe7 20. Nd2 Ra7 21.
Nc4 N6d7 22. Rh2 Ne5 23. Ne3 Qf6 24. O-O-O Nf7 25. Nh5 Qe5 26. f4 Qh8 27.
Nf5 Bxf5 28. Nf6+ Qxf6 29. Qh3 Bxe4 30. Rf1 Bxd5 31. f5 g5 32. Bb5 Rb8 33.
Bd3 Re7 34. Qg3 c4 35. Be2 Rbe8 0-1

[Event "Irish International Open 2019"]
[Site "Dublin IRL"]
[Date "2019.04.20"]
[Round "6.28"]
[White "Daly, Colm"]
[Black "Opseth, Oliver"]
[Result "1-0"]
[WhiteTitle "FM"]
[WhiteElo "2278"]
[BlackElo "1739"]
[WhiteNationality "IRL"]
[BlackNationality "NOR"]
[WhiteFideId "2500434"]
[BlackFideId "1523813"]
[PlyCount "34"]
[EventDate "2019.04.17"]
[HashCode "245c135f"]

{ Event information: <a
href="http://www.irlchess.com/irishopen2019_allfiles/pairings_irishopen2019.html">Tournament
report</a>. }

1. Nf3 d6 2. g3 Nf6 3. Bg2 e5 4. d3 Be7 5. c4 O-O 6. Nc3 Nbd7 7. O-O Ne8 8.
b4 f5 9. h3 a5 10. b5 g5 11. Ba3 g4 12. Nd2 Bg5 13. Kh2 Rf6 14. Nd5 Rh6 15.
e3 Ndf6 16. Re1 Nxd5 17. Bxd5+ Kh8 1-0

[Event "Irish International Open 2019"]
[Site "Dublin IRL"]
[Date "2019.04.20"]
[Round "6.29"]
[White "Longson, Sarah N."]
[Black "Mancin, Michele"]
[Result "1-0"]
[WhiteTitle "WFM"]
[WhiteElo "2123"]
[BlackElo "1706"]
[WhiteNationality "ENG"]
[BlackNationality "ITA"]
[WhiteFideId "2501465"]
[BlackFideId "824780"]
[PlyCount "43"]
[EventDate "2019.04.17"]
[HashCode "2aa36cd5"]

{ Event information: <a
href="http://www.irlchess.com/irishopen2019_allfiles/pairings_irishopen2019.html">Tournament
report</a>. }

1. e4 c5 2. Nf3 d6 3. d4 cxd4 4. Nxd4 Nf6 5. Nc3 a6 6. h3 e6 7. g4 Qc7 8.
g5 Nfd7 9. Bg2 Nc6 10. Be3 Nb6 11. Qe2 Ne5 12. O-O-O Nec4 13. Kb1 Nxe3 14.
Qxe3 Nc4 15. Qe2 b5 16. e5 Bb7 17. exd6 Bxd6 18. Nxe6 fxe6 19. Qxe6+ Kf8
20. Qf5+ Kg8 21. Bd5+ Bxd5 22. Qxd5+ 1-0

[Event "Irish International Open 2019"]
[Site "Dublin IRL"]
[Date "2019.04.20"]
[Round "6.30"]
[White "Kersten, Julian"]
[Black "Whelan, Niall P."]
[Result "1-0"]
[WhiteElo "1996"]
[BlackElo "1620"]
[BlackICU "1373"]
[BlackClub "Rathmines"]
[WhiteNationality "AUT"]
[BlackNationality "IRL"]
[WhiteFideId "1628542"]
[BlackFideId "2500809"]
[PlyCount "57"]
[EventDate "2019.04.17"]
[HashCode "2e76edeb"]

{ Event information: <a
href="http://www.irlchess.com/irishopen2019_allfiles/pairings_irishopen2019.html">Tournament
report</a>. }

1. e4 c5 2. Nf3 e6 3. d4 cxd4 4. c3 a6 5. cxd4 Bb4+ 6. Nc3 b5 7. Bd3 Bb7 8.
O-O d6 9. Qe2 Ne7 10. Rd1 d5 11. e5 Nbc6 12. a3 Bxc3 13. bxc3 Na5 14. Rb1
Bc6 15. Ng5 Ng6 16. Qh5 f5 17. Nxe6 Qe7 18. Bxf5 Kf7 19. Ng5+ Kg8 20. e6
Be8 21. Qg4 Nf8 22. Re1 h5 23. Qf3 Bg6 24. Bxg6 Nxg6 25. Nf7 Rf8 26. Bg5
Qe8 27. Qxd5 Ne7 28. Bxe7 Qxe7 29. Nxh8 1-0

[Event "Irish International Open 2019"]
[Site "Dublin IRL"]
[Date "2019.04.20"]
[Round "6.31"]
[White "Putar, Lara"]
[Black "Sokolinsky, Yaakov"]
[Result "1-0"]
[WhiteElo "1641"]
[BlackElo "1884"]
[WhiteICU "1506"]
[WhiteNationality "CRO"]
[BlackNationality "ISR"]
[WhiteFideId "14546604"]
[BlackFideId "2815435"]
[PlyCount "70"]
[EventDate "2019.04.17"]
[HashCode "4932edad"]

{ Event information: <a
href="http://www.irlchess.com/irishopen2019_allfiles/pairings_irishopen2019.html">Tournament
report</a>. }

1. d4 d5 2. c4 e6 3. Nf3 c6 4. g3 Nf6 5. Bg2 Be7 6. O-O O-O 7. Bf4 Nbd7 8.
Nc3 Nh5 9. Bd2 dxc4 10. Rc1 b5 11. Ne5 Nxe5 12. dxe5 Qd4 13. Bxc6 Rb8 14.
Be3 Qxe5 15. Bxa7 Qc7 16. Bxb8 Qxc6 17. Ba7 b4 18. Nb1 Bb7 19. f3 Ra8 20.
Bf2 Rxa2 21. Rc2 Ba6 22. Nd2 Nf6 23. Qb1 Qa4 24. b3 cxb3 25. Nxb3 Rxc2 26.
Qxc2 Nd5 27. Ra1 Qb5 28. Ra5 Qb7 29. Bc5 Bd8 30. Ra4 Qc8 31. Qd2 Nc3 32.
Rxa6 Bf6 33. Ra7 Nd5 34. e4 Bc3 35. Qa2 Ne7 1-0